Nr. 1 Hits in Deutschland 1998 - Statistiken

Allgemein
  • Dieses Quiz wurde 65 mal gespielt
  • Das Durchschnittsergebnis liegt bei 6 aus 10
Antwortstatistiken
Wochen auf Platz 1 Lied Interpret % Korrekt
13 Wochen My Heart Will Go On Céline Dion
97%
7 Wochen Flugzeuge im Bauch Oli P.
85%
8 Wochen Ein Schwein namens Männer Die Ärzte
78%
6 Wochen Bailando Loona
67%
3 Wochen Hijo de la luna Loona
67%
4 Wochen I Don’t Want to Miss a Thing Aerosmith
60%
4 Wochen Believe Cher
55%
4 Wochen La copa de la vida /The Cup of Life Ricky Martin
48%
6 Wochen It’s Like That Run-D.M.C. vs. Jason Nevins
30%
1 Woche Ghetto Supastar(That Is What You Are) Pras Michel feat. ODB & introducing Mýa
13%
Keine übereinstimmenden Quizze gefunden
Verteilung der Resultate
Anzahl Personen mit jedem Resultat
Perzentil nach korrekt beantworteten Fragen
Ihre Resultats-Entwicklung
Sie haben dieses Quiz noch nicht gespielt